| 000 | 00553nam a22001817a 4500 | ||
|---|---|---|---|
| 999 |
_c169507 _d169507 |
||
| 005 | 20191122101806.0 | ||
| 010 | _aENG-126974 | ||
| 020 |
_a9788126573516 _c249.00 |
||
| 035 | _aEN-110506 | ||
| 037 | _bDBAD/PUB | ||
| 082 | _a000 | ||
| 100 | _aWiley | ||
| 245 |
_aSecurities and exchange board of India SEBI : _cby Wiley _bassistant manager (general) exam goalpost / |
||
| 260 |
_aNew Delhi _bWilley India _c2018 |
||
| 270 |
_a4436-7, Ansari Road _bDaryaganj _e110002 |
||
| 300 |
_axi;298p. _c27cm(pbk) |
||
| 942 |
_2ddc _cEN _h000 _mWIL |
||